000 00304nam a2200133Ia 4500
008 191201s2005 xx 000 0 und d
100 _aSHARMA, J K
245 0 _aDiscrete Mathematics
250 _a2nd
260 _aN.Delhi
_bMacmillan
_c2005
300 _a502
650 _aB.Tech(CSE)
942 _2ddc
_cBK
999 _c1794
_d1794